Bohemiae rose

Guardado en:
Detalles Bibliográficos
Autor principal: Vetter, Christian (Autor)
Formato: Mapa
Lenguaje:eslovaco
latín
Publicado: Augsburg: [s.n.], 1668
Etiquetas: Agregar Etiqueta
Sin Etiquetas, Sea el primero en etiquetar este registro!

MARC

LEADER 00000nem a22000003a 4500
001 0071662
003 SK-STU
005 20190212104515.3
007 aj-canzn
008 190212s ----xo--z-----a-----0---slo-d
040 |a STU  |b slo 
041 0 |a lat 
044 |a gw 
100 1 |a Vetter, Christian  |4 aut  |r Z6 
245 1 0 |a Bohemiae rose  |h [kartografický dokument] /  |c aut. Christian Vetter 
260 |a Augsburg:  |b [s.n.],   |c 1668 
300 |c 50 x 70 cm 
500 |a Replika historickej mapy 
996 |c V* 52847/O-24004  |l VV11  |s P  |a 0  |w 0071662_0001